MARC details
| 000 -LEADER |
| fixed length control field |
01633nam a2200265 a 4500 |
| 008 - FIXED-LENGTH DATA ELEMENTS--GENERAL INFORMATION |
| fixed length control field |
090826s2008 ||||||||||||||||| || u |
| 020 ## - INTERNATIONAL STANDARD BOOK NUMBER |
| International Standard Book Number |
9780073528113 |
| 050 ## - LIBRARY OF CONGRESS CALL NUMBER |
| Classification number |
HM 447 Sch |
| 100 ## - MAIN ENTRY--PERSONAL NAME |
| Personal name |
Schaefer, Richard T |
| 245 10 - TITLE STATEMENT |
| Title |
Sociology matters.-- 3rd ed. |
| Statement of responsibility, etc. |
by Richard T. Schaefer |
| 250 ## - EDITION STATEMENT |
| Edition statement |
3rd ed. |
| 260 ## - PUBLICATION, DISTRIBUTION, ETC. |
| Place of publication, distribution, etc. |
New York: |
| Name of publisher, distributor, etc. |
McGraw-Hill |
| Date of publication, distribution, etc. |
2008 |
| 300 ## - PHYSICAL DESCRIPTION |
| Extent |
xxiii, 358p.: ill + CD-ROM |
| 350 ## - |
| -- |
0.00 |
| 500 ## - GENERAL NOTE |
| General note |
Accompanied by a CD-ROM (see Cybrary staff) |
| 650 #0 - SUBJECT ADDED ENTRY--TOPICAL TERM |
| Topical term or geographic name entry element |
SOCIOLOGY |
| 650 ## - SUBJECT ADDED ENTRY--TOPICAL TERM |
| Topical term or geographic name entry element |
SOCIAL STRATIFICATION |
| 650 ## - SUBJECT ADDED ENTRY--TOPICAL TERM |
| Topical term or geographic name entry element |
CULTURAL RELATION |
| 995 ## - |
| -- |
MAIN LIBRARY OPEN ACCESS |
| -- |
0.00 |
| -- |
740260 |
| -- |
CBU-MAIN LIBRARY (Kitwe) |
| -- |
1 |
| -- |
0.00 |
| -- |
HM 447 Sch |
| -- |
4 |
| -- |
AVAILABLE |
| -- |
Aug 26, 2009 |
| -- |
740260 |
| -- |
Main Library Open Access Collection |
| 995 ## - |
| -- |
MAIN LIBRARY OPEN ACCESS |
| -- |
0.00 |
| -- |
740259 |
| -- |
CBU-MAIN LIBRARY (Kitwe) |
| -- |
1 |
| -- |
0.00 |
| -- |
HM 447 Sch |
| -- |
3 |
| -- |
AVAILABLE |
| -- |
Aug 26, 2009 |
| -- |
740259 |
| -- |
Main Library Open Access Collection |
| 995 ## - |
| -- |
MAIN LIBRARY OPEN ACCESS |
| -- |
0.00 |
| -- |
740257 |
| -- |
CBU-MAIN LIBRARY (Kitwe) |
| -- |
1 |
| -- |
0.00 |
| -- |
HM 447 Sch |
| -- |
1 |
| -- |
AVAILABLE |
| -- |
Aug 26, 2009 |
| -- |
740257 |
| -- |
Main Library Open Access Collection |
| 995 ## - |
| -- |
MAIN LIBRARY OPEN ACCESS |
| -- |
0.00 |
| -- |
740258 |
| -- |
CBU-MAIN LIBRARY (Kitwe) |
| -- |
1 |
| -- |
0.00 |
| -- |
HM 447 Sch |
| -- |
2 |
| -- |
AVAILABLE |
| -- |
Aug 26, 2009 |
| -- |
740258 |
| -- |
Main Library Open Access Collection |
| 995 ## - |
| -- |
MEDICAL LIBRARY OPEN ACCESS |
| -- |
745656 |
| -- |
CBU-SCHOOL OF MEDICINE LIBRARY (Ndola) |
| -- |
0.00 |
| -- |
HM 447 Sch |
| -- |
6 |
| -- |
AVAILABLE |
| -- |
Sep 11, 2015 |
| -- |
745656 |
| -- |
Medical Library Open Access Collection |
| 995 ## - |
| -- |
MEDICAL LIBRARY OPEN ACCESS |
| -- |
744889 |
| -- |
CBU-SCHOOL OF MEDICINE LIBRARY (Ndola) |
| -- |
0.00 |
| -- |
HM 447 Sch |
| -- |
5 |
| -- |
AVAILABLE |
| -- |
Sep 8, 2015 |
| -- |
744889 |
| -- |
Medical Library Open Access Collection |
| 999 ## - |
| -- |
76611 |
| -- |
76611 |